000 02732nam0a2200385 i 4500
001 RU\NLR\BIBL_A\010687677
005 20260408083424.0
010 _a9785913671028
_91000
021 _aRU
_b2014-100022
_96067
035 _a(NILC)RuMoRGB-007848789
035 _a(NLR Aleph) 010687677
090 _a9670504
_c9670504
100 _a20150302d2014 u y0rusy50 ca
101 0 _arus
102 _aRU
105 _ay|||z|||1||y|
200 1 _aРоссийское образование и наука: новое законодательство - новые проблемы и задачи
_e[сборник материалов Всероссийской научно-практической конференции, 29 ноября 2013 г., г. Москва
_fпод общ. ред. О.Н. Смолина]
210 _aМосква
_cГуманитарий
_d2014
215 _a290 с.
_cтабл.
_d22
300 _aВ надзаг.: Общерос. обществ. движение "Образование - для всех"
320 _aБиблиогр. в подстроч. примеч.
327 1 _aВ кн. также: Академия и власть: предварительные итоги лета-2013 года (выступления участников круглого стола на заседании Никитского клуба, 5 сент. 2013 г.
601 0 2 _aРоссийская академия наук
_jСборники
_xРеформирование
_92168961
_3RU\NLR\AUTH\6601541497
606 _aОбразование
_jСборники
_yРоссийская Федерация
_92296847
_3RU\NLR\AUTH\661375304
686 1 _aЧ34(2Р)я43
686 1 _aЧ214(2Р)я43
702 1 _aСмолин
_bО. Н.
_gОлег Николаевич
_4340
711 1 2 _a"Российское образование и наука: новое законодательство - новые проблемы и задачи", всероссийская научно-практическая конференция
_eМосква
_f2013
_9451139
_3RU\NLR\AUTH\880392635
711 1 2 _a"Академия и власть: предварительные итоги лета-2013", круглый стол
_eМосква
_f2013
_9451178
_3RU\NLR\AUTH\880392650
712 0 2 _4570
_a"Образование для всех", товарищество
_cМосква
_3RU\NLR\AUTH\8810224537
_9333743
801 0 _aRU
_bРГБ
_c20150115
_gRCR
942 _cBOOK
980 _aNBR